[Event "Ljubljana-chT 62nd 1st League"]
[Site "Ljubljana"]
[Date "2009.03.05"]
[Round "8.4"]
[White "Troha, Miro"]
[Black "Markoja, Sebastijan"]
[Result "0-1"]
[WhiteElo "1989"]
[BlackElo "1846"]
[PlyCount "48"]
[EventDate "2009.01.08"]
[EventType "team-tourn"]
[EventRounds "9"]
[EventCountry "SLO"]
[SourceTitle "EXT 2022"]
[Source "ChessBase"]
[SourceDate "2021.10.06"]
[SourceVersion "1"]
[SourceVersionDate "2021.10.06"]
[SourceQuality "1"]
[WhiteTeam "Trzin Buscotrade"]
[BlackTeam "Komenda Utrdba"]
[WhiteTeamCountry "SLO"]
[BlackTeamCountry "SLO"]

1. e4 c5 2. Nf3 d6 3. d4 cxd4 4. Nxd4 Nf6 5. Nc3 a6 6. Bd3 e5 7. Nf3 h6 8. h3 Be6 9. Be3 Be7 10. 0-0 0-0 11. Qe2 Nbd7 12. a4 Rc8 13. Rfd1 Qc7 14. a5 Rfd8 15. Nd2 d5 16. exd5 Nxd5 17. Nxd5 Bxd5 18. Ra4 Qc6 19. Rg4 Nf6 20. Rg3 e4 21. Bxh6 Bf8 22. Bg5 exd3 23. cxd3 Re8 24. Be3 Be6 0-1

[Event "Ljubljana-chT 62nd 1st League"]
[Site "Ljubljana"]
[Date "2009.02.19"]
[Round "7.4"]
[White "Ulaga, Karel"]
[Black "Troha, Miro"]
[Result "0-1"]
[WhiteElo "1703"]
[BlackElo "1989"]
[PlyCount "94"]
[EventDate "2009.01.08"]
[EventType "team-tourn"]
[EventRounds "9"]
[EventCountry "SLO"]
[SourceTitle "EXT 2022"]
[Source "ChessBase"]
[SourceDate "2021.10.06"]
[SourceVersion "1"]
[SourceVersionDate "2021.10.06"]
[SourceQuality "1"]
[WhiteTeam "Ljubljana Karel Jeraj"]
[BlackTeam "Trzin Buscotrade"]
[WhiteTeamCountry "SLO"]
[BlackTeamCountry "SLO"]

1. e4 c5 2. Nf3 e6 3. d4 cxd4 4. Nxd4 Nf6 5. Bd3 d6 6. 0-0 Be7 7. Nc3 0-0 8. h3 a6 9. Be3 Nbd7 10. Nb3 b5 11. a3 Bb7 12. f3 Qc7 13. Qe1 Ne5 14. Qf2 Nfd7 15. Rac1 Bf6 16. Bd4 Nc4 17. Bxf6 Nxf6 18. Rb1 Nxa3 19. Ra1 Nc4 20. Bxc4 Qxc4 21. Na5 Qc7 22. Nxb7 Qxb7 23. Rfd1 Qc6 24. Qd2 Rfd8 25. Ne2 Qc5+ 26. Kh1 h6 27. c3 Qf2 28. Rf1 Qc5 29. Ra5 Qc4 30. Rfa1 Qc6 31. Nd4 Qb7 32. Nb3 Qb6 33. Qd4 Qc6 34. Qb4 e5 35. Qa3 Nh5 36. Rxa6 Rxa6 37. Qxa6 Qc4 38. Qb6 Re8 39. Na5 Qe2 40. Rb1 Re6 41. Qg1 Rg6 42. Nc6 Re6 43. Qe1 Qc4 44. Nb4 Nf4 45. g4 Nxh3 46. Kh2 Ng5 47. Kg2 Rf6 0-1